000 03311nab a2200241 i 4500
003 BR-BrBNA
005 20250210120832.0
008 250210b2013 bl.qr|pooa||| 00| 0 por |
040 _aBR-BrBNA
_bpor
072 _aF70
100 _aMonteiro, Daniele
245 _aPiperaceae em um fragmento de floresta atlântica da Serra da Mantiqueira, Minas Gerais, Brasil
500 _aPublicação on-line; 34 ref.; 3 illus.; Summaries (En, Pt)
520 _a Resumo A Serra Negra localiza-se em Minas Gerais (21°58’24”S e 43°53’15”W), entre as Serras do Ibitipoca e o Maciço do Itatiaia, abrangendo uma área da Serra da Mantiqueira considerada prioritária para a conservação e investigação científica. Com o objetivo de ampliar o conhecimento florístico da região, foi realizado o tratamento florístico das Piperaceae ocorrentes. Foram registradas 34 espécies da família, a grande maioria em formações florestais, incluindo cânions. Contribuíram para a identificação dos táxons o hábito, presença ou ausência de tricomas, filotaxia, forma, dimensão e padrão de nervação foliar, tipo de inflorescência, número de estames e carpelos, presença de estilete, além da forma da bractéola e fruto. Piper pauciramosum, endêmico de Minas Gerais e até o momento conhecido apenas pelo material tipo, foi encontrado na região e precisa ter o estado de conservação reavaliado, assim como outras 10 espécies consideradas raras. A ocorrência desses táxons e de outros com distribuição restrita aumentam a importância de região e a necessidade de implantação de unidades de conservação. Palavras-chave: Florística, Peperomia, Piper, Serra Negra, Taxonomia. Abstract Located in Minas Gerais (21°58’24”S e 43°53’15”W), between Ibitipoca and Itatiaia ranges, Serra Negra covers an area considered priority for conservation and scientific research at Serra da Mantiqueira. Continuing the studies at the area aiming to increase floristic knowledge of the region, the taxonomic treatment of Piperaceae was held. Thirty four species of the family were recorded, most of them in forested formations, including canyons. The taxa are distinguished by habit, presence or absence of trichomes, phyllotaxis, leaf size, form and venation, type of inflorescence, number of stamens and carpels, presence of style, shape of bracteoles and fruits. Piper pauciramosum, endemic to Minas Gerais and only known from type material was collected and needs a re-evaluation of its conservation status, as well as 10 other species considered to be rare. The occurrence of these taxa and others species with restricted distribution highlights the importance of this region and points out the great need of new conservation units at the area. Key words: Floristic, Peperomia, Piper, Serra Negra.
650 _aCOMPOSIÇÃO BOTÂNICA
650 _aTAXONOMIA
650 _aSERRA NEGRA
650 _aPIPERACEAE
773 0 _0709
_9348215
_dRio de Janeiro-RJ Jardim Botanico do Rio de Janeiro 1935
_o2025-0704
_tRodriguésia (Brazil)
_x0370-6583; 2175-7860 on-line
_gv. 64(2) p. 379-398; (2013)
_wBR2024004098
856 _uhttps://www.scielo.br/j/rod/a/psM63bXrvvJGhckvjKJYBYd/?format=pdf&lang=pt
942 _cANA
999 _c329885
_d329885